00915nam a22002537a 45000010005000000030006000050050017000110080041000280200018000690400029000870500017001160820011001331000018001442450067001622600040002293000060002695050007003295200179003365210020005155210020005356500038005556500034005937000034006278454FISKH20250912123356.0250912b cb ||||| |||| 00| 0 eng d a9781589254305 aFISKHbengcFISKHdFISKH a PZ7.B6446 N a823.92 aBonwill, Ann aNaughty toes /cBy Ann Bonwill : Illustrated by Teresa Murfin  aWilton, CT :btiger tales , c2011. a32 unnumbered pages : bcolor illustrations ;c27 cm .  aN  aWhen sisters Chloe and Belinda start dance class with Madame Mina, Chloe struggles with making her feet do what they are supposed to, while Belinda seems to be a born dancer.8 a560 bLexile 8 aN bRaz-Plus  aTap dancingvJuvenile Literature  aBallet vJuvenile Literature  aMurfin, Teresa eIllustrator